[Event "Leon Blitz op 34th"]
[Site "Chess.com INT"]
[Date "2021.07.07"]
[Round "4"]
[White "Rosenberg, Evan"]
[Black "Kostrikina, Anna"]
[Result "1-0"]
[WhiteElo "2125"]
[BlackElo "2161"]
[PlyCount "37"]
[EventDate "2021.07.07"]
[EventType "swiss (blitz)"]
[EventRounds "14"]
[EventCountry "ESP"]
[SourceTitle "CBM 203 Extra"]
[Source "ChessBase"]
[SourceDate "2021.09.30"]
[SourceVersion "1"]
[SourceVersionDate "2021.09.30"]
[SourceQuality "1"]

1. Nf3 c5 2. e4 Nc6 3. Bb5 g6 4. Bxc6 bxc6 5. 0-0 Bg7 6. Qe2 e5 7. d3 Ne7 8. Be3 d6 9. h3 0-0 10. b3 f5 11. Bc1 fxe4 12. dxe4 d5 13. Ba3 dxe4 14. Ng5 Bf5 15. Rd1 Qa5 16. Qc4+ Nd5 17. g4 h6 18. gxf5 hxg5 19. fxg6 1-0

[Event "Speed Chess (Women) Q5"]
[Site "Chess.com INT"]
[Date "2020.06.22"]
[Round "6"]
[White "Priyanka, K."]
[Black "Kostrikina, Anna"]
[Result "1-0"]
[WhiteElo "2218"]
[BlackElo "2161"]
[PlyCount "57"]
[EventDate "2020.06.22"]
[EventType "swiss (blitz)"]
[EventRounds "13"]
[EventCountry "USA"]
[SourceTitle "CBM 196 Extra"]
[Source "ChessBase"]
[SourceDate "2020.07.31"]
[SourceVersion "1"]
[SourceVersionDate "2020.07.31"]
[SourceQuality "1"]

1. e4 c5 2. Nf3 Nc6 3. d4 cxd4 4. Nxd4 Qb6 5. Nb3 Nf6 6. Nc3 e6 7. Be3 Qc7 8. Nb5 Qb8 9. Bd3 a6 10. Nc3 Bb4 11. 0-0 0-0 12. f4 Bxc3 13. bxc3 d5 14. e5 Ne4 15. Bxe4 dxe4 16. Nc5 Na5 17. Nxe4 Nc4 18. Bc5 Re8 19. Qg4 Kh8 20. Rad1 b6 21. Bd6 Qb7 22. Ng5 h6 23. Qh5 Kg8 24. Rf3 Nxd6 25. Rxd6 hxg5 26. Rh3 Kf8 27. Qh8+ Ke7 28. Qxg7 Rf8 29. Qf6+ 1-0

[Event "Titled Tuesday intern op 19th May"]
[Site "Chess.com INT"]
[Date "2020.05.19"]
[Round "3"]
[White "Turgut, Tansel"]
[Black "Kostrikina, Anna"]
[Result "1-0"]
[WhiteElo "2294"]
[BlackElo "2161"]
[PlyCount "41"]
[EventDate "2020.05.19"]
[EventType "swiss (blitz)"]
[EventRounds "10"]
[EventCountry "USA"]
[SourceTitle "EXT 2021"]
[Source "ChessBase"]
[SourceDate "2020.10.23"]
[SourceVersion "1"]
[SourceVersionDate "2020.10.23"]
[SourceQuality "1"]

1. d4 Nf6 2. Nf3 e6 3. Bg5 Be7 4. Nbd2 0-0 5. e4 h6 6. Bxf6 Bxf6 7. e5 Be7 8. Bd3 c5 9. dxc5 Bxc5 10. Qe2 d6 11. Ne4 Bb4+ 12. c3 d5 13. cxb4 dxe4 14. Qxe4 g6 15. 0-0 Qb6 16. Qe3 Qxe3 17. fxe3 Bd7 18. Rac1 Bc6 19. b5 Bd5 20. b3 Nd7 21. e4 1-0

[Event "Titled Tuesday intern op 19th May"]
[Site "Chess.com INT"]
[Date "2020.05.19"]
[Round "8"]
[White "Vazquez Espino, Uriel"]
[Black "Kostrikina, Anna"]
[Result "1-0"]
[WhiteElo "1983"]
[BlackElo "2161"]
[PlyCount "87"]
[EventDate "2020.05.19"]
[EventType "swiss (blitz)"]
[EventRounds "10"]
[EventCountry "USA"]
[SourceTitle "EXT 2021"]
[Source "ChessBase"]
[SourceDate "2020.10.23"]
[SourceVersion "1"]
[SourceVersionDate "2020.10.23"]
[SourceQuality "1"]

1. e4 c5 2. Nf3 Nc6 3. Bc4 e6 4. d4 cxd4 5. Nxd4 a6 6. Nc3 b5 7. Bb3 Nf6 8. Nxc6 dxc6 9. Qxd8+ Kxd8 10. Bg5 Be7 11. 0-0-0+ Ke8 12. Rhe1 h6 13. Bxf6 gxf6 14. a4 Rg8 15. g3 Bc5 16. Re2 e5 17. Rd3 Bh3 18. Red2 b4 19. Nd1 Ke7 20. Ne3 Bd4 21. c3 bxc3 22. bxc3 Bc5 23. a5 Ra7 24. Bc4 Rb8 25. Kd1 Rb1+ 26. Ke2 Ra1 27. g4 Bxe3 28. Rxe3 Bf1+ 29. Kf3 Bxc4 30. Kg2 Rxa5 31. Rh3 Be6 32. f3 Ra1 33. Rxh6 a5 34. Rh8 a4 35. Rdd8 Bd7 36. Rb8 a3 37. g5 a2 38. gxf6+ Kxf6 39. h4 Re1 40. h5 a1Q 41. Rh6+ Kg7 42. Rd6 Qa2+ 43. Kg3 Rg1+ 44. Kh4 1-0

[Event "RUS-ch blitz (Women)"]
[Site "Sochi"]
[Date "2016.10.04"]
[Round "5.12"]
[White "Berdychevskaya, Natasha"]
[Black "Kostrikina, Anna"]
[Result "1-0"]
[WhiteElo "2208"]
[BlackElo "2161"]
[PlyCount "37"]
[EventDate "2016.10.04"]
[EventType "swiss (blitz)"]
[EventRounds "22"]
[EventCountry "RUS"]
[SourceTitle "EXT 2017"]
[Source "ChessBase"]
[SourceDate "2016.10.25"]
[SourceVersion "1"]
[SourceVersionDate "2016.10.25"]
[SourceQuality "1"]

1. e4 c5 2. Nf3 Nc6 3. d4 cxd4 4. Nxd4 Qb6 5. Nb3 Nf6 6. Nc3 e6 7. Bd3 Bb4 8. 0-0 Bxc3 9. bxc3 0-0 10. Be3 Qc7 11. f4 d5 12. e5 Ne4 13. c4 Nc3 14. Qh5 g6 15. Qh6 dxc4 16. Bc5 Re8 17. Bd6 Qb6+ 18. Kh1 Qa6 19. Rf3 1-0

[Event "Dvorkovich Memorial op"]
[Site "Taganrog"]
[Date "2014.01.20"]
[Round "3"]
[White "Kostrikina, Anna"]
[Black "Kotenko, Pavel"]
[Result "0-1"]
[WhiteElo "2141"]
[BlackElo "2353"]
[PlyCount "90"]
[EventDate "2014.01.18"]
[EventType "swiss"]
[EventRounds "9"]
[EventCountry "RUS"]
[SourceTitle "CBM 158 Extra"]
[Source "ChessBase"]
[SourceDate "2014.02.28"]
[SourceVersion "1"]
[SourceVersionDate "2014.02.28"]
[SourceQuality "1"]

1. e4 e5 2. Nc3 Nf6 3. Nf3 Nc6 4. d4 exd4 5. Nxd4 Bb4 6. Nxc6 bxc6 7. Bd3 d5 8. exd5 cxd5 9. 0-0 0-0 10. h3 Rb8 11. Qf3 Bd6 12. Bg5 c6 13. Rab1 Re8 14. Bf4 Be6 15. Bxd6 Qxd6 16. b3 c5 17. Rbc1 Qb6 18. Bf5 d4 19. Bxe6 Qxe6 20. Na4 Ne4 21. Qd3 Qc6 22. Rfe1 Ng5 23. Qc4 Rxe1+ 24. Rxe1 Ne6 25. f3 Qd6 26. Qe2 Rc8 27. Nb2 h6 28. Nc4 Qg3 29. Qf2 Qg6 30. Ne5 Qf5 31. Qe2 Nf4 32. Qf1 Qxc2 33. g3 Ng6 34. Nc4 Rd8 35. Re2 Qf5 36. Rd2 Ne5 37. Kg2 Nxc4 38. Qxc4 Re8 39. b4 Re3 40. Rf2 Rc3 41. Qb5 d3 42. bxc5 Qxc5 43. Qe8+ Kh7 44. Rd2 Rc1 45. f4 f5 0-1

[Event "Chigorin Memorial 21st"]
[Site "St Petersburg"]
[Date "2013.10.06"]
[Round "2"]
[White "Kostrikina, Anna"]
[Black "Dyakov, Vladislav"]
[Result "1-0"]
[WhiteElo "2140"]
[BlackElo "1879"]
[PlyCount "65"]
[EventDate "2013.10.05"]
[EventType "swiss"]
[EventRounds "9"]
[EventCountry "RUS"]
[SourceTitle "CBM 156 Extra"]
[Source "ChessBase"]
[SourceDate "2013.10.22"]
[SourceVersion "1"]
[SourceVersionDate "2013.10.22"]
[SourceQuality "1"]

1. e4 c5 2. Nf3 Nc6 3. Bb5 g6 4. 0-0 Bg7 5. Re1 Nf6 6. e5 Nd5 7. Nc3 Nc7 8. Bxc6 dxc6 9. Ne4 Ne6 10. d3 0-0 11. Be3 b6 12. Qd2 f5 13. exf6 exf6 14. Bh6 Nd4 15. Nxd4 cxd4 16. Bxg7 Kxg7 17. Qf4 c5 18. Nd6 Qd7 19. Re2 g5 20. Qe4 Rb8 21. Qe7+ Kg8 22. Rae1 Ra8 23. Qe4 Qxd6 24. Qxa8 Bd7 25. Qxa7 Rf7 26. Qa8+ Kg7 27. Qe4 h6 28. c3 dxc3 29. bxc3 Bb5 30. c4 Bd7 31. h4 b5 32. h5 f5 33. Qe5+ 1-0

[Event "Chigorin Memorial 21st"]
[Site "St Petersburg"]
[Date "2013.10.05"]
[Round "1"]
[White "Solak, Dragan"]
[Black "Kostrikina, Anna"]
[Result "1-0"]
[WhiteElo "2611"]
[BlackElo "2140"]
[PlyCount "63"]
[EventDate "2013.10.05"]
[EventType "swiss"]
[EventRounds "9"]
[EventCountry "RUS"]
[SourceTitle "CBM 156 Extra"]
[Source "ChessBase"]
[SourceDate "2013.10.22"]
[SourceVersion "1"]
[SourceVersionDate "2013.10.22"]
[SourceQuality "1"]

1. e4 c5 2. Nc3 Nc6 3. Bb5 Nd4 4. Bc4 e6 5. Nge2 a6 6. Nxd4 cxd4 7. Ne2 b5 8. Bb3 Bc5 9. d3 Ne7 10. 0-0 0-0 11. Ng3 Kh8 12. Qh5 Qc7 13. Bf4 d6 14. Bd2 Bd7 15. a4 Ng6 16. axb5 axb5 17. Rxa8 Rxa8 18. f4 Qd8 19. f5 Ne5 20. f6 gxf6 21. Qh4 Ng6 22. Qh6 Qf8 23. Nh5 Qxh6 24. Bxh6 Bc6 25. Nxf6 Bb6 26. Ng4 Be8 27. h4 Nxh4 28. Bxe6 Ra7 29. Bd5 Ng6 30. Nf6 Re7 31. Nxe8 Rxe8 32. Rxf7 1-0

[Event "Voronezh op-A 17th"]
[Site "Voronezh"]
[Date "2013.06.17"]
[Round "5"]
[White "Loskutov, Sviatoslav"]
[Black "Kostrikina, Anna"]
[Result "1/2-1/2"]
[WhiteElo "2282"]
[BlackElo "2127"]
[PlyCount "68"]
[EventDate "2013.06.12"]
[EventType "swiss"]
[EventRounds "9"]
[EventCountry "RUS"]
[SourceTitle "EXT 2014"]
[Source "ChessBase"]
[SourceDate "2013.11.20"]
[SourceVersion "1"]
[SourceVersionDate "2013.11.20"]
[SourceQuality "1"]

1. d4 Nf6 2. Nf3 e6 3. c4 d5 4. Nc3 c5 5. e3 Nc6 6. a3 cxd4 7. exd4 Be7 8. Bd3 dxc4 9. Bxc4 0-0 10. 0-0 a6 11. a4 Qc7 12. Qe2 Rd8 13. Rd1 Nb4 14. Bg5 Nfd5 15. Bxe7 Qxe7 16. Rac1 b6 17. Nxd5 Nxd5 18. Bxd5 Rxd5 19. Rc3 Bb7 20. Qc2 Rad8 21. h3 f6 22. Re1 R5d6 23. Nh4 Qf8 24. Qe2 Qf7 25. d5 Bxd5 26. Qxa6 Qh5 27. Nf3 Bxf3 28. Rxf3 Qa5 29. Qxa5 bxa5 30. Rb3 e5 31. Rbe3 Rd4 32. Rc3 R8d7 33. Rc8+ Kf7 34. b3 Rd1 1/2-1/2

[Event "Nezhmetdinov Memorial 35th"]
[Site "Kazan"]
[Date "2013.06.06"]
[Round "7"]
[White "Kostrikina, Anna"]
[Black "Konovalov, Roman"]
[Result "0-1"]
[WhiteElo "2151"]
[BlackElo "2044"]
[PlyCount "118"]
[EventDate "2013.05.31"]
[EventType "swiss"]
[EventRounds "9"]
[EventCountry "RUS"]
[SourceTitle "CBM 154 Extra"]
[Source "ChessBase"]
[SourceDate "2013.06.25"]
[SourceVersion "2"]
[SourceVersionDate "2013.06.25"]
[SourceQuality "1"]

1. e4 g6 2. d4 Bg7 3. Nc3 d6 4. Be3 Nf6 5. Qd2 0-0 6. f3 a6 7. h4 h5 8. 0-0-0 b5 9. Nh3 Nc6 10. Nf4 e5 11. dxe5 Nxe5 12. Nfd5 Be6 13. Bg5 c6 14. Nxf6+ Bxf6 15. a3 Qe7 16. Qf4 Bxg5 17. hxg5 Rad8 18. Be2 f5 19. gxf6 Qxf6 20. Qxf6 Rxf6 21. Rd2 Kf7 22. Nd1 Ke7 23. Ne3 Rh8 24. Rhd1 Bc8 25. a4 g5 26. axb5 axb5 27. Bxb5 cxb5 28. Nd5+ Kf7 29. Nxf6 Kxf6 30. Rxd6+ Be6 31. Rb6 Nc4 32. Rxb5 Ra8 33. Kb1 h4 34. Rd3 Ra6 35. Rc5 Ne5 36. Re3 Ng6 37. Re2 Nf4 38. Rf2 Rb6 39. Rd2 Ra6 40. b3 Ng6 41. Kb2 Ne5 42. Rf2 Ng6 43. Rb5 Nf4 44. Rd2 Ra7 45. Rb6 Ke7 46. c4 Rd7 47. Rc2 Rd1 48. c5 Rg1 49. c6 Rxg2 50. Rxg2 Nxg2 51. c7 Bc8 52. Rg6 h3 53. Rxg5 Nh4 54. Rh5 Nxf3 55. Rh7+ Kd6 56. Kc3 Ng5 57. Rh6+ Kxc7 58. Kd4 h2 59. Ke3 Nh3 0-1

[Event "Nezhmetdinov Memorial 35th"]
[Site "Kazan"]
[Date "2013.06.04"]
[Round "5"]
[White "Kostrikina, Anna"]
[Black "Ponfilenok, Vladimir"]
[Result "0-1"]
[WhiteElo "2151"]
[BlackElo "2395"]
[PlyCount "120"]
[EventDate "2013.05.31"]
[EventType "swiss"]
[EventRounds "9"]
[EventCountry "RUS"]
[SourceTitle "CBM 154 Extra"]
[Source "ChessBase"]
[SourceDate "2013.06.25"]
[SourceVersion "2"]
[SourceVersionDate "2013.06.25"]
[SourceQuality "1"]

1. e4 e6 2. d4 d5 3. Nd2 c5 4. Ngf3 Nf6 5. exd5 exd5 6. Bb5+ Bd7 7. Bxd7+ Nbxd7 8. 0-0 Be7 9. dxc5 Nxc5 10. Nd4 Qd7 11. N2f3 0-0 12. Ne5 Qc8 13. Re1 Re8 14. Bf4 Nce4 15. Nd3 a6 16. f3 Nc5 17. Rxe7 Rxe7 18. Bd6 Rc7 19. Ne5 Ne8 20. Bxc7 Qxc7 21. Ng4 h5 22. Ne3 Nf6 23. Ndf5 Rd8 24. Qd2 Ne6 25. c3 Qa5 26. Nd4 Qb6 27. Nef5 Nxd4 28. Nxd4 Re8 29. Rd1 Re5 30. Kf1 Qc7 31. g3 Qc4+ 32. Kg1 Qxa2 33. Qf4 Qa4 34. Rf1 Qe8 35. Nf5 Qe6 36. Nd4 Qe7 37. Nf5 Qc5+ 38. Kh1 Qc4 39. Qxc4 dxc4 40. Nd4 Nd7 41. f4 Re3 42. Rf2 Nc5 43. Nc2 Ne4 44. Nxe3 Nxf2+ 45. Kg2 Nd3 46. Nd1 a5 47. Kf3 a4 48. Ke4 Nxb2 49. Ne3 a3 50. Nc2 a2 51. Kd4 Kf8 52. Kc5 Ke7 53. Kb4 Kd6 54. Ka3 Nd1 55. Kxa2 Nxc3+ 56. Kb2 Ne4 57. Ne3 Kc5 58. Nf5 g6 59. Nh6 Nd6 60. h3 Kd4 0-1

[Event "Chigorin Memorial 20th"]
[Site "St Petersburg"]
[Date "2012.11.03"]
[Round "8"]
[White "Kostrikina, Anna"]
[Black "Dimukhametov, Artur"]
[Result "0-1"]
[WhiteElo "2138"]
[BlackElo "2347"]
[PlyCount "64"]
[EventDate "2012.10.27"]
[EventType "swiss"]
[EventRounds "9"]
[EventCountry "RUS"]
[SourceTitle "EXT 2013"]
[Source "ChessBase"]
[SourceDate "2012.11.22"]
[SourceVersion "1"]
[SourceVersionDate "2012.11.22"]
[SourceQuality "1"]

1. e4 e6 2. d4 d5 3. Nd2 Be7 4. Ngf3 Nf6 5. e5 Nfd7 6. Bd3 c5 7. c3 Nc6 8. 0-0 g5 9. dxc5 g4 10. Nd4 Ncxe5 11. Be2 Bxc5 12. Bxg4 Nf6 13. Be2 Bd7 14. N2b3 Bb6 15. Bh6 Rg8 16. Bf4 Nc4 17. Bxc4 dxc4 18. Nd2 Bxd4 19. cxd4 Bc6 20. Nf3 Qd5 21. Bg3 0-0-0 22. Qc1 Rg4 23. Rd1 Nh5 24. Qe3 f5 25. Qe5 f4 26. Qxd5 Bxd5 27. Ne5 Rg7 28. Bh4 Rxg2+ 29. Kf1 Rdg8 30. Ke2 Rxh2 31. Be7 Rgg2 32. Rg1 Ng3+ 0-1

[Event "Chigorin Memorial 20th"]
[Site "St Petersburg"]
[Date "2012.10.31"]
[Round "5"]
[White "Zhelobanov, Roman"]
[Black "Kostrikina, Anna"]
[Result "0-1"]
[WhiteElo "1912"]
[BlackElo "2138"]
[PlyCount "80"]
[EventDate "2012.10.27"]
[EventType "swiss"]
[EventRounds "9"]
[EventCountry "RUS"]
[SourceTitle "EXT 2013"]
[Source "ChessBase"]
[SourceDate "2012.11.22"]
[SourceVersion "1"]
[SourceVersionDate "2012.11.22"]
[SourceQuality "1"]

1. e4 c5 2. Nc3 Nc6 3. f4 e6 4. Nf3 d5 5. d3 Nf6 6. g3 Be7 7. Bg2 b5 8. e5 Nd7 9. Bd2 b4 10. Ne2 Qb6 11. Be3 0-0 12. 0-0 a5 13. Bf2 Ba6 14. Re1 Qc7 15. d4 Rac8 16. Bh3 g6 17. g4 Bxe2 18. Rxe2 Nxd4 19. Nxd4 cxd4 20. Bxd4 Bc5 21. c3 bxc3 22. bxc3 Bxd4+ 23. cxd4 Qc3 24. Kg2 Rc4 25. Rd2 Qe3 26. f5 Rc3 27. Rb1 Qxh3+ 28. Kh1 exf5 29. Rb7 Rd8 30. Rg2 fxg4 31. Qe1 Rdc8 32. Rb1 Rc2 33. Rf2 Rxf2 34. Qxf2 Qf3+ 35. Kg1 Qxf2+ 36. Kxf2 Rc2+ 37. Kg3 h5 38. Kf4 Nf8 39. Kg5 Kg7 40. Rb6 Rxh2 0-1

[Event "Chigorin Memorial 20th"]
[Site "St Petersburg"]
[Date "2012.10.29"]
[Round "3"]
[White "Chernov, Maksim"]
[Black "Kostrikina, Anna"]
[Result "0-1"]
[WhiteElo "1895"]
[BlackElo "2138"]
[PlyCount "152"]
[EventDate "2012.10.27"]
[EventType "swiss"]
[EventRounds "9"]
[EventCountry "RUS"]
[SourceTitle "EXT 2013"]
[Source "ChessBase"]
[SourceDate "2012.11.22"]
[SourceVersion "1"]
[SourceVersionDate "2012.11.22"]
[SourceQuality "1"]

1. e4 c5 2. Nf3 e6 3. d4 cxd4 4. Nxd4 Nf6 5. Nc3 d6 6. Bc4 Be7 7. Be3 0-0 8. Bb3 Na6 9. 0-0 Nc5 10. f3 a6 11. Qd2 Qc7 12. Rad1 b5 13. Kh1 Bb7 14. Qf2 Rac8 15. a3 Nxb3 16. Nxb3 d5 17. exd5 Nxd5 18. Nxd5 Bxd5 19. Nd4 Bf6 20. c3 Qb7 21. Qg3 Qe7 22. Bh6 Kh8 23. Be3 Bc4 24. Rg1 Rfd8 25. Bf2 Rd7 26. Rge1 Qd8 27. Qh3 Rd5 28. f4 Rd7 29. Ra1 Qc7 30. Qg3 Rcd8 31. h3 h6 32. Rad1 Bd5 33. Qg4 Bb7 34. Bh4 Bxh4 35. Qxh4 Rd5 36. Qg4 Bc8 37. Qf3 Bb7 38. Qf2 Qc5 39. Qe3 R5d7 40. Qe5 Rd5 41. Qe3 Qc7 42. Rd2 R8d7 43. Red1 Qd8 44. Kg1 Qf6 45. Qf2 Qe7 46. Nb3 Rxd2 47. Rxd2 Rxd2 48. Qxd2 Bd5 49. Nd4 Qc5 50. Qe3 Kg8 51. Kh2 Qc4 52. Qf2 Qd3 53. Nc2 Qe4 54. Nd4 g6 55. Nc2 Bb7 56. Nd4 Kg7 57. Qd2 g5 58. fxg5 Qe5+ 59. Kg1 hxg5 60. Qf2 Qe4 61. Qg3 Kg6 62. Qf2 Bd5 63. Nf3 Qb1+ 64. Kh2 Bxf3 65. gxf3 Qd1 66. Qg2 Qd6+ 67. Kh1 Qf4 68. Qc2+ f5 69. Kg2 Kh5 70. Qd1 Qe3 71. Qd7 Qe2+ 72. Kg1 Kh4 73. Qg7 Qe1+ 74. Kg2 Qd2+ 75. Kf1 Kg3 76. Qe5+ Kxf3 0-1

[Event "Voronezh op 16th"]
[Site "Voronezh"]
[Date "2012.06.15"]
[Round "4"]
[White "Kostrikina, Anna"]
[Black "Manelis, Vladimir"]
[Result "1/2-1/2"]
[WhiteElo "2177"]
[BlackElo "2284"]
[PlyCount "80"]
[EventDate "2012.06.12"]
[EventType "swiss"]
[EventRounds "9"]
[EventCountry "RUS"]
[SourceTitle "CBM 149 Extra"]
[Source "ChessBase"]
[SourceDate "2012.08.24"]
[SourceVersion "1"]
[SourceVersionDate "2012.08.24"]
[SourceQuality "1"]

1. e4 c5 2. Nf3 e6 3. d4 cxd4 4. Nxd4 Qb6 5. Be3 Bc5 6. Nc3 Nc6 7. Ndb5 Bxe3 8. fxe3 a6 9. Nd6+ Ke7 10. Nc4 Qc7 11. Qg4 Nf6 12. Qxg7 Rg8 13. Qh6 b5 14. Nd2 Ne5 15. a3 Bb7 16. h3 Rac8 17. Qf4 d6 18. Qf2 Qa5 19. Nb3 Qb6 20. Bd3 Rg6 21. 0-0-0 b4 22. axb4 Qxb4 23. Rhf1 a5 24. Nd4 a4 25. Ncb5 Ba6 26. Be2 Bxb5 27. Nxb5 Qxe4 28. Rd2 Nd5 29. g4 a3 30. bxa3 Rc6 31. Qh4+ Ke8 32. Nd4 Rc3 33. Qxh7 Qxe3 34. Rxf7 Nxf7 35. Qxg6 Nf4 36. Qg8+ Ke7 37. g5 Rxa3 38. Nc6+ Kd7 39. Qxf7+ Kxc6 40. Qe8+ Kc7 1/2-1/2

[Event "Voronezh op 16th"]
[Site "Voronezh"]
[Date "2012.06.14"]
[Round "3"]
[White "Shamugia, Shavlegi"]
[Black "Kostrikina, Anna"]
[Result "1/2-1/2"]
[WhiteElo "2232"]
[BlackElo "2177"]
[PlyCount "85"]
[EventDate "2012.06.12"]
[EventType "swiss"]
[EventRounds "9"]
[EventCountry "RUS"]
[SourceTitle "CBM 149 Extra"]
[Source "ChessBase"]
[SourceDate "2012.08.24"]
[SourceVersion "1"]
[SourceVersionDate "2012.08.24"]
[SourceQuality "1"]

1. e4 c5 2. Nf3 d6 3. Nc3 Nf6 4. g3 Nc6 5. Bg2 g6 6. 0-0 Bg7 7. d4 cxd4 8. Nxd4 Nxd4 9. Qxd4 0-0 10. Qb4 Rb8 11. a4 a5 12. Qa3 Be6 13. Bg5 h6 14. Bf4 Nd7 15. Rad1 Qc7 16. Rd2 g5 17. Be3 Ne5 18. Nb5 Qd8 19. b3 Bd7 20. Nd4 Ng4 21. Nf5 Bxf5 22. exf5 Nxe3 23. fxe3 Bc3 24. Rd5 Qc7 25. Qc1 Rbc8 26. Be4 Bf6 27. Qd1 Qc3 28. Bd3 Rc5 29. Qf3 b6 30. Qe4 Kg7 31. Rd1 Rxd5 32. Qxd5 Qe5 33. Qxe5 Bxe5 34. Kg2 Rc8 35. c4 Rc5 36. Be4 Bc3 37. Rd5 Rxd5 38. Bxd5 Kf6 39. Kf3 h5 40. g4 h4 41. Ke4 e6 42. fxe6 fxe6 43. Bc6 1/2-1/2

[Event "Moscow op (Women)"]
[Site "Moscow"]
[Date "2012.02.04"]
[Round "8"]
[White "Kostrikina, Anna"]
[Black "Bezgodova, Maria"]
[Result "1-0"]
[WhiteElo "2185"]
[BlackElo "2226"]
[PlyCount "111"]
[EventDate "2012.01.28"]
[EventType "swiss"]
[EventRounds "9"]
[EventCountry "RUS"]
[SourceTitle "CBM 146 Extra"]
[Source "ChessBase"]
[SourceDate "2012.02.29"]
[SourceVersion "1"]
[SourceVersionDate "2012.02.29"]
[SourceQuality "1"]

1. e4 e5 2. Nf3 Nc6 3. Nc3 Nf6 4. d4 exd4 5. Nxd4 Bb4 6. Nxc6 bxc6 7. Bd3 0-0 8. 0-0 d5 9. exd5 cxd5 10. Bg5 c6 11. Qf3 Bd6 12. Rfe1 Bc7 13. Bxf6 Qxf6 14. Qxf6 gxf6 15. Ne2 Rb8 16. Rab1 c5 17. b3 a5 18. Nc3 Be6 19. Nb5 Be5 20. c4 dxc4 21. Bxc4 Bf5 22. Rbd1 Rfd8 23. a4 Bc2 24. Rc1 Rd2 25. Rf1 Kg7 26. g3 Re8 27. Na3 Bd3 28. Rcd1 Bxf1 29. Rxd2 Bh3 30. Rd1 Bd4 31. Nc2 Bg4 32. Re1 Be6 33. Re2 Kf8 34. Na3 Ke7 35. Nb5 f5 36. Nc7 Rf8 37. Nxe6 fxe6 38. Rxe6+ Kd7 39. Rh6 Rh8 40. Be6+ Kd6 41. Bxf5+ Ke5 42. Bxh7 Rf8 43. Rh5+ Ke6 44. Kg2 Rxf2+ 45. Kh3 Rb2 46. Kg4 Bg1 47. h4 Bf2 48. Bg8+ Kf6 49. Bc4 Rc2 50. Rf5+ Kg7 51. Rf3 Be1 52. Kg5 Rc3 53. Rf7+ Kh8 54. g4 Rg3 55. Kh6 Bd2+ 56. g5 1-0

[Event "Moscow op (Women)"]
[Site "Moscow"]
[Date "2012.02.03"]
[Round "7"]
[White "Bakunina, Albina"]
[Black "Kostrikina, Anna"]
[Result "0-1"]
[WhiteElo "1962"]
[BlackElo "2185"]
[PlyCount "50"]
[EventDate "2012.01.28"]
[EventType "swiss"]
[EventRounds "9"]
[EventCountry "RUS"]
[SourceTitle "CBM 146 Extra"]
[Source "ChessBase"]
[SourceDate "2012.02.29"]
[SourceVersion "1"]
[SourceVersionDate "2012.02.29"]
[SourceQuality "1"]

1. d4 d5 2. c4 e6 3. Nc3 Nf6 4. cxd5 exd5 5. Bg5 c6 6. e3 Be7 7. Bd3 Nbd7 8. Nf3 0-0 9. 0-0 Re8 10. Qc2 Nf8 11. Ne5 Ng4 12. Bxe7 Rxe7 13. Nxg4 Bxg4 14. Rae1 Qd6 15. h3 Bd7 16. f4 Rae8 17. Qe2 c5 18. f5 f6 19. a3 b6 20. Nb5 Qb8 21. Qf3 Bc6 22. Bc4 Kh8 23. Nc3 dxc4 24. Nd5 Bxd5 25. Qxd5 Nd7 0-1

[Event "Rostov Region-ch op"]
[Site "Rostov on Don"]
[Date "2011.10.20"]
[Round "4.20"]
[White "Belyaev, Boris"]
[Black "Kostrikina, Anna"]
[Result "0-1"]
[WhiteElo "1958"]
[BlackElo "2154"]
[PlyCount "66"]
[EventDate "2011.10.20"]
[EventType "swiss"]
[EventRounds "9"]
[EventCountry "RUS"]
[SourceTitle "EXT 2022"]
[Source "ChessBase"]
[SourceDate "2021.10.06"]
[SourceVersion "1"]
[SourceVersionDate "2021.10.06"]
[SourceQuality "1"]

1. e4 c5 2. Nc3 Nc6 3. g3 g6 4. Bg2 Bg7 5. Nge2 d6 6. 0-0 e5 7. d3 Nge7 8. Be3 0-0 9. Qd2 Nd4 10. Nc1 Bh3 11. f4 Bxg2 12. Kxg2 exf4 13. Bxf4 d5 14. h3 dxe4 15. dxe4 Qb6 16. Nb3 Rad8 17. Qc1 f5 18. Nd2 Ne6 19. Be3 Qc6 20. Kh2 b5 21. exf5 Nxf5 22. Bf2 Bh6 23. Nce4 Qd5 24. Be1 Ng5 25. c4 bxc4 26. Qb1 Ne3 27. Rg1 Nxh3 28. g4 Nxg1 29. Kxg1 Nxg4 30. Qc2 Ne3 31. Qc3 Bg7 32. Qa5 Bxb2 33. Rb1 c3 0-1